Estatísticas para Line-UP Rock in Rio 2019 - Palco Mundo

Clique aqui para jogar o quiz

Estatísticas Gerais

  • Esse quiz foi jogado 28 vezes
  • A pontuação média é 14 de 28

Estatísticas das Respostas

Resposta% Correto
Anitta
84%
Red Hot Chili Peppers
79%
Iron Maiden
74%
Ivete Sangalo
74%
Drake
68%
Bon Jovi
63%
Foo Fighters
63%
Imagine Dragons
63%
Alok
58%
Capital Inicial
58%
P!nk
58%
Panic! at the Disco
53%
Scorpions
53%
Sepultura
53%
Goo Goo Dolls
47%
CPM 22 + Raimundos
42%
H.E.R.
42%
Muse
42%
Os Paralamas do Sucesso
42%
Tenacious D
42%
Weezer
42%
Black Eyed Peas
37%
Dave Matthews Band
37%
Helloween
37%
Bebe Rexha
32%
Ellie Goulding
32%
Nickelback
32%
Nile Rodgers + Chic
32%

Distribuição das Pontuações

Percentil de Números Respondidos

Porcentagem de Pessoas com Cada Pontuação

Sua Pontuação Histórica

Você não jogou esse quiz